000 00236nam a2200097Ia 4500
008 170619s9999 xx 000 0 und d
100 _aSinghal- Mukesh
245 0 _aAdvanced concept operating system
260 _bNew Dehi: TMH
260 _c2006
546 _aENGLISH
999 _c18327
_d18327